| 000 | 00732nam a2200217Ii 4500 | ||
|---|---|---|---|
| 003 | JO-AjNU | ||
| 008 | 230605s9999||||xx |||||||||||||| ||und|| | ||
| 040 |
_aJO-AjNU _bara _erda _cJO-AjNU |
||
| 041 | _aara | ||
| 050 | 1 | 4 | _aBP75.5.B3764 1984 |
| 100 | 3 |
_aالباشا، عبد الرحمن رأفت, _eauthor _956381 |
|
| 245 | 0 | 0 | _aصور من حياة الصحابة |
| 250 | _aط12 | ||
| 264 | 3 | 1 | _aبيروت: مؤسسة الرسالة - دار النفائس ، 1984 |
| 300 | _a132ص | ||
| 336 |
_atext _btxt _2rdacontent |
||
| 337 |
_aunmediated _bn _2rdamedia |
||
| 338 |
_avolume _bnc _2rdacarrier |
||
| 490 | 0 | _aكتب للفتيان والفتيات6 | |
| 650 | 4 |
_aالصحابة والتابعون- تراجم _956382 |
|
| 999 |
_aA25203 _c28771 _d28771 |
||